2022ワールドカップベスト16で敗れた国 - Statistics

General Stats
  • This quiz has been taken 133 times
  • The average score is 5 of 8
Answer Stats
答え % Correct
日本国
96%
スペイン王国
83%
大韓民国
83%
オーストラリア連邦
68%
アメリカ合衆国
67%
スイス連邦
53%
ポーランド共和国
52%
セネガル共和国
46%
No matching quizzes found
Score Distribution
Percent of People with Each Score
Percentile by Number Answered
Your Score History
You have not taken this quiz